| 000 | 01331nam a22002897a 4500 | ||
|---|---|---|---|
| 001 | 4113 | ||
| 003 | FISKH | ||
| 005 | 20240607110000.0 | ||
| 008 | 240607b cb ||||| |||| 00| 0 eng d | ||
| 020 | _a9780192727589 | ||
| 040 |
_aFISKH _beng _cFISKH _dFISKH |
||
| 050 | _aPZ7.L6585 | ||
| 082 | _a839.7374 | ||
| 100 |
_aLindgren, Astrid _dauthor |
||
| 245 |
_aEmill and the Sneaky Rat / _cTranslated by Susan Beard : illustrated by Tony Ross |
||
| 250 | _aFirst published in this edition 2008 | ||
| 260 |
_aNew York : _bOxford University Press ; _c1966 |
||
| 300 |
_a153 pages : _billustrations ; _c21 cm . |
||
| 490 | _aEmil of Lonneberga | ||
| 505 | _aK | ||
| 520 | _aThere's a rat running amok in Emil's house, and he's determined to capture it. But hiding the rat trap just under his father's bed probably isn't ideal . . . That's just the start of Emil's adventures, which, once begun, never stop. Hens, dogs, little sisters - and adults - all flee his path.But Emil doesn't mean to be bad, it's just that trouble - and fun - follow him wherever he goes.A collection of utterly engaging tales from one of the world's best-loved children's authors. | ||
| 521 | 8 |
_a520
_bLexile estimate |
|
| 521 | 8 |
_aK
_bRaz-Plus |
|
| 700 |
_aRoss, Tony _eillustrator |
||
| 942 |
_2ddc _cBK _n0 |
||
| 999 |
_c4113 _d4113 |
||